Качество и конкурентоспособность потребительских товаров и услуг (Запись № 11804338)
[ простой вид ]
| 000 -МАРКЕР | |
|---|---|
| контрольное поле | 02330nam0a2200421 i 4500 |
| 001 - ИДЕНТИФИКАТОР ЗАПИСИ | |
| контрольное поле | RU\NLR\BIBL_A\011461229 |
| 005 - ИДЕНТИФИКАТОР ВЕРСИИ | |
| контрольное поле | 20241103070706.0 |
| 010 ## - МЕЖДУНАРОДНЫЙ СТАНДАРТНЫЙ НОМЕР КНИГИ (ISBN) | |
| Номер (ISBN) | 9785984982306 |
| Тираж | 300 |
| 021 ## - НОМЕР ГОСУДАРСТВЕННОЙ РЕГИСТРАЦИИ | |
| Код страны | Российская Федерация |
| Номер | 2017-56807 |
| Номер Листа государственной регистраци | 4040 |
| 035 ## - ДРУГИЕ СИСТЕМНЫЕ НОМЕРА | |
| Идентификатор записи | (RuMoRGB)008951646 |
| 035 ## - ДРУГИЕ СИСТЕМНЫЕ НОМЕРА | |
| Идентификатор записи | (NLR Aleph) 011461229 |
| 100 ## - ДАННЫЕ ОБЩЕЙ ОБРАБОТКИ | |
| Данные общей обработки | 20170824d2017 km y0rusy50 ca |
| 101 0# - ЯЗЫК РЕСУРСА | |
| Язык текста, звукозаписи и т.д. | русский |
| 102 ## - СТРАНА ПУБЛИКАЦИИ ИЛИ ПРОИЗВОДСТВА | |
| Страна публикации | Российская Федерация |
| 105 ## - ПОЛЕ КОДИРОВАННЫХ ДАННЫХ: ТЕКСТОВЫЕ МАТЕРИАЛЫ, МОНОГРАФИЧЕСКИЕ | |
| Кодированные данные о монографическом текстовом документе | a|||z|||100yy |
| 200 1# - ЗАГЛАВИЕ И СВЕДЕНИЯ ОБ ОТВЕТСТВЕННОСТИ | |
| Основное заглавие | Качество и конкурентоспособность потребительских товаров и услуг |
| Сведения, относящиеся к заглавию | материалы конференции |
| Первые сведения об ответственности | Студенческая научно-практическая конференция (Орел, 14 декабря 2016 г.) |
| Последующие сведения об ответственности | под общей редакцией д.э.н., профессора Паршутиной И. Г. |
| 210 ## - ПУБЛИКАЦИЯ, РАСПРОСТРАНЕНИЕ И ДР. | |
| Место издания, распространения и т.д. | Орел |
| Имя издателя, распространителя и т. д. | ОрелГУЭТ |
| Дата издания, распространения и т.д. | 2017 |
| 215 ## - ФИЗИЧЕСКАЯ ХАРАКТЕРИСТИКА | |
| Специфическое обозначение материала и объем | 103 с. |
| Другие сведения о физической характеристике | ил., табл. |
| Размеры | 21 |
| 300 ## - ОБЩИЕ ПРИМЕЧАНИЯ | |
| Текст примечания | В надзаг.: М-во образования и науки Рос. Федерации, ФГБОУ ВО "Орл. гос. ун-т экономики и торговли экономики и торговли" |
| 320 ## - ПРИМЕЧАНИЯ О НАЛИЧИИ В ДОКУМЕНТЕ БИБЛИОГРАФИИ / УКАЗАТЕЛЯ | |
| Текст примечания | Библиогр. в конце ст. |
| 606 1# - НАИМЕНОВАНИЕ ТЕМЫ КАК ПРЕДМЕТ | |
| Наименование темы | Товары широкого потребления |
| Формальный подзаголовок | Съезды, совещания и т.п |
| Тематический подзаголовок | Качество |
| Системный номер авторитетной/нормативной записи | 2257813 |
| Идентификатор авторитетной/нормативной записи | RU\NLR\AUTH\661353959 |
| 606 1# - НАИМЕНОВАНИЕ ТЕМЫ КАК ПРЕДМЕТ | |
| Наименование темы | Товары широкого потребления |
| Формальный подзаголовок | Съезды, совещания и т.п |
| Тематический подзаголовок | Конкурентоспособность |
| Системный номер авторитетной/нормативной записи | 2222189 |
| Идентификатор авторитетной/нормативной записи | RU\NLR\AUTH\661334287 |
| 606 1# - НАИМЕНОВАНИЕ ТЕМЫ КАК ПРЕДМЕТ | |
| Наименование темы | Сфера услуг |
| Формальный подзаголовок | Съезды, совещания и т.п |
| Тематический подзаголовок | Качество |
| Системный номер авторитетной/нормативной записи | 2192495 |
| Идентификатор авторитетной/нормативной записи | RU\NLR\AUTH\6601553524 |
| 686 ## - ИНДЕКСЫ ДРУГИХ КЛАССИФИКАЦИЙ | |
| Индекс | У9(2)0-823.2я431(2) |
| Код системы | |
| 686 ## - ИНДЕКСЫ ДРУГИХ КЛАССИФИКАЦИЙ | |
| Индекс | М2я431(2) |
| Код системы | |
| 686 ## - ИНДЕКСЫ ДРУГИХ КЛАССИФИКАЦИЙ | |
| Индекс | Л80я431(2) |
| Код системы | |
| 686 1# - ИНДЕКСЫ ДРУГИХ КЛАССИФИКАЦИЙ | |
| Индекс | У9(2)-823.2-06я431 |
| 686 1# - ИНДЕКСЫ ДРУГИХ КЛАССИФИКАЦИЙ | |
| Индекс | У43(2)1-803.4я431 |
| 686 1# - ИНДЕКСЫ ДРУГИХ КЛАССИФИКАЦИЙ | |
| Индекс | У49(2)-823.2я431 |
| 702 #1 - ИМЯ ЛИЦА - ВТОРИЧНАЯ ОТВЕТСТВЕННОСТЬ | |
| Начальный элемент ввода | Паршутина |
| Часть имени, кроме начального элемента ввода | И. Г. |
| Расширение инициалов личного имени | Инна Григорьевна |
| Код отношения | Редактор |
| 712 02 - НАИМЕНОВАНИЕ ОРГАНИЗАЦИИ - ВТОРИЧНАЯ ОТВЕТСТВЕННОСТЬ | |
| Код отношения | Прочие |
| Начальный элемент ввода | Орловский государственный университет экономики и торговли |
| Системный номер авторитетной/нормативной записи | 537450 |
| Идентификатор авторитетной/нормативной записи | RU\NLR\AUTH\880436594 |
| 942 ## - ДОПОЛНИТЕЛЬНЫЕ ЭЛЕМЕНТЫ ЗАПИСИ (АБИС) | |
| Тип экземпляра АБИС | Книга |
| 980 ## - КОЛЛЕКЦИЯ | |
| Название коллекции | НБР |
Нет доступных экземпляров.